000 00268nam a22000977a 4500
003 SGT
245 _aINDIAN JOURNAL OF PHARMACEUTICAL EDUCATIOPN & RESEARCH
260 _aINDIA
_bASSOCIATION OF PHARMA TEACHERS OF INDIA ( APTI)
_c2022
310 _a1-2, 3-4
942 _2ddc
_cBV
999 _c29475
_d29475